000 01709nam a22002417a 4500
005 20250310143955.0
008 250310b ||||| |||| 00| 0 eng d
020 _a9781319154134
040 _cAL
041 _aeng
082 _223
_a574.88
_bCOXM
100 _aMichael M Cox
_9205232
245 _aMolecular biology
_b: principles and practice
250 _a2nd ed.
260 _aNew York
_bMacmillan Education
_c2015
300 _axxviii,901p.
_bHB
_c28x22cm.
365 _2General
_aVBI-2366
_b₹6593.69
_c
_d₹8792.00
_e25%
_f28--02-2025
520 _aWritten and illustrated with unsurpassed clarity, Molecular Biology: Principles and Practice introduces fundamental concepts while exposing students to how science is done. The authors convey the sense of joy and excitement that comes from scientific discovery, highlighting the work of researchers who have shaped―and who continue to shape―the field today. The second edition addresses recent discoveries and advances, corresponding to our ever-changing understanding of molecular biology. There are numerous new figures and photos, along with significantly updated figures in every chapter. There are also new end-of-chapter questions for every chapter and many new Unanswered Questions. This textbook is available with LaunchPad. LaunchPad combines an interactive ebook with high-quality multimedia content and ready-made assessment options, including Learning Curve adaptive quizzing. See ‘Instructor Resources’ and ‘Student Resources’ for further information.
650 _2Molecular Biology
_aMolecular Biology
_9205233
700 _aDoudna, Jennifer A
_9205234
700 _aO'Donnell, Michael
_9205235
942 _2ddc
_cBK
999 _c233915
_d233915